000 00293nam a22001337a 4500
008 181217b xxu||||| |||| 00| 0 eng d
020 _a9780534123727
041 _aeng
080 _23rd
_a510
100 _a36
101 _aMAT
245 _aNumerical Analysis
_cMaron,M.J
942 _2udc
_cBK
999 _c53333
_d53333